000 00734nam a2200289Ia 4500
005 20260324150957.0
008 008 260324s9999 xx 000 0 eng d
020 _a9781003557784
037 _aEBOOK
040 _aCRL
040 _beng
040 _cCRL
041 _2eng
041 _aeng
084 _qCRL
100 _aSylvia Benians
_91228290
245 0 _aFrom Renaissance to Revolution
245 2 _bA Study of the Influence of the Renaissance upon the Political Development of Europe
260 _bTaylor and Francis
260 _c1923
365 _a
365 _b145
856 _uhttp://www.taylorfrancis.com/books/9781003557784
942 _cEBOOK
999 _c1838645
_d1838645